000 00269nam a22001337a 4500
003 SGT
082 _a617.63
_bD21S
100 _aSINGH, MONIKA
245 _aDENTIST AND AIRWAY
260 _aSGTU
_c2021
300 _a180
650 _aORAL MEDICINE
942 _2ddc
_cTH
999 _c21147
_d21147